Formes de départements français - Mort subite - Statistiques

Statistiques générales
  • Ce quiz a été pris 162 fois
  • Le résultat moyen est 7 sur 16
Answers on the Grid
Answers color-coded by a green-red scale on the quiz's grid according to % correct below.
 
Statistiques - réponses
Réponse % Correct
Landes
59%
Martinique
54%
La Réunion
52%
Cantal
51%
Val-d'Oise
50%
Hauts-de-Seine
50%
Oise
48%
Eure-et-Loir
47%
Orne
46%
Haute-Vienne
37%
Haute-Loire
37%
Var
36%
Territoire de Belfort
34%
Creuse
34%
Loiret
33%
Lot
31%
Aucun quiz correspondant
Distribution des résultats
% des personnes avec chaque résultat
Percentile par nombre de réponses
Votre historique - résultats
Vous n’avez pas pris ce quiz